| 000 | 02326nam a22005417a 4500 | ||
|---|---|---|---|
| 001 | 15432914 | ||
| 003 | OSt | ||
| 005 | 20210426093549.0 | ||
| 008 | 080828s2009 enka 000 0 eng | ||
| 010 | _a 2008038202 | ||
| 015 |
_aGBA8C1061 _2bnb |
||
| 016 | 7 |
_a101482755 _2DNLM |
|
| 016 | 7 |
_a014782657 _2Uk |
|
| 020 | _a9780415450874 (hbk) | ||
| 020 | _a041545087X (hbk) | ||
| 020 | _a9780415450881 (pbk) | ||
| 020 | _a0415450888 (pbk) | ||
| 020 | _a9780203881316 (ebk) | ||
| 020 | _a0203881311 (ebk) | ||
| 035 | _a(OCoLC)ocn176946280 | ||
| 040 |
_aDNLM/DLC _cDLC _dYDX _dBTCTA _dBAKER _dNLM _dUKM _dOCLNG _dYDXCP _dCDX _dDLC _beng |
||
| 041 | _aeng | ||
| 042 | _apcc | ||
| 050 | 0 | 0 |
_aRC108 _b.C37 2009 |
| 060 | 0 | 0 | _a2009 D-436 |
| 060 | 1 | 0 |
_aWY 152 _bC316m 2009 |
| 080 |
_a61 _bC-25 |
||
| 082 | 0 | 0 |
_a610.73 _222 |
| 100 | 1 |
_aCarrier, Judith, _d1960- |
|
| 245 | 1 | 0 |
_aManaging long-term conditions and chronic illness in primary care : _ba guide to good practice / _c/ by: Routledge |
| 260 |
_aAbingdon ; _aNew York : _bRoutledg, _c2009. |
||
| 300 |
_axiv, 199 p. : _bill. ; _c26 cm. |
||
| 504 | _aIncludes bibliographical references (p. [181]-190) and index. | ||
| 505 | 0 | _aSocial and political background -- Physical, psychological and psychosocial impact of living with a LTC and social influences on health -- Case management and disease-specific care management -- Importance of self-management -- Motivational interviewing / Claire Lane -- How to identify a person with a long-term condition -- Effective management of people with a long-term condition -- Evidence-based practice -- Case scenarios -- Nutritional and medication management. | |
| 650 | 0 |
_aChronic diseases _xNursing. |
|
| 650 | 0 |
_aMedicine _969 |
|
| 650 | 0 | _aPrimary care (Medicine) | |
| 650 | 1 | 2 |
_aChronic Disease _xnursing. |
| 650 | 1 | 2 |
_aNursing Care _xmethods. |
| 650 | 2 | 2 | _aCase Management. |
| 650 | 2 | 2 | _aPrimary Health Care. |
| 653 | _aმედიცინა | ||
| 653 | _aქრონიკული დაავადებები | ||
| 856 | 4 | 1 |
_3Table of contents only _uhttp://www.loc.gov/catdir/toc/ecip0827/2008038202.html |
| 906 |
_a7 _bcbc _corignew _d1 _eecip _f20 _gy-gencatlg |
||
| 942 |
_2udc _cBK |
||
| 999 |
_c850 _d850 |
||